| 000 | 00338 a2200145 4500 | ||
|---|---|---|---|
| 040 | _aDLC | ||
| 082 | _a910.4 | ||
| 100 | _aIbne Insha | ||
| 245 |
_aIbn e batota kay taaqub main _cIbne Insha |
||
| 260 |
_aLahore _bLahore Academy _c2011 |
||
| 300 | _a288 p. | ||
| 650 | _aUrdu fiction | ||
| 700 | _aIbne Insha | ||
| 942 |
_cBK _k910.4 IBN _2ddc |
||
| 999 |
_c10880 _d10880 |
||